Every FIFA/FC Icon/Hero - Statistics

General Stats
  • This quiz has been taken 42 times
    30 since last reset
  • The average score is 115 of 242
Answer Stats
Nation Club 1 Club 2 Player % Correct
Argentina Napoli Barcelona Diego Maradona
100%
Ghana Marseille Lille Abedi Pele
75%
Ukraine AC Milan Dynamo Kyiv Andriy Shevchenko
75%
England Chelsea Arsenal Ashley Cole
75%
Germany Bayern Munich Chicago Fire Bastian Schweinsteiger
75%
England West Ham United Fulham Bobby Moore
75%
England Manchester United Real Madrid David Beckham
75%
Netherlands Arsenal Ajax Dennis Bergkamp
75%
Ivory Coast Chelsea Le Mans Didier Drogba
75%
Belgium Chelsea Lille Eden Hazard
75%
Netherlands Ajax Manchester United Edwin van der Sar
75%
Netherlands Ajax Barcelona Frank de Boer
75%
Wales Real Madrid Tottenham Hotspur Gareth Bale
75%
Northern Ireland Manchester United San Jose Earthquakes* George Best
75%
Italy Juventus Parma Gianluigi Buffon
75%
Australia Leeds United Liverpool Harry Kewell
75%
Argentina Parma Inter Milan Hernan Crespo
75%
Mexico Real Madrid Atletico Madrid Hugo Sanchez
75%
Wales Liverpool Leeds United Ian Rush
75%
Spain Real Madrid Porto Iker Casillas
75%
England Chelsea West Ham United Joe Cole
75%
Argentina Estudiantes Manchester United Juan Sebastian Veron
75%
Brazil AC Milan Real Madrid Kaka
75%
Netherlands AC Milan Ajax Marco van Basten
75%
Ghana Chelsea Lyon Michael Essien
75%
Germany Lazio Bayern Munich Miroslav Klose
75%
Czechia Juventus Lazio Pavel Nedved
75%
Brazil Santos New York Cosmos Pele
75%
Denmark Manchester United Sporting Lisbon Peter Schmeichel
75%
Czechia Chelsea Arsenal Petr Cech
75%
Brazil Barcelona Olympiacos Rivaldo
75%
Brazil Real Madrid Fenerbahce Roberto Carlos
75%
Brazil Barcelona AC Milan Ronaldinho
75%
Netherlands AC Milan Feyenoord Ruud Gullit
75%
Netherlands Manchester United Real Madrid Ruud van Nistelrooy
75%
Wales Manchester United Ryan Giggs
75%
France Arsenal Monaco Thierry Henry
75%
Australia Everton Millwall Tim Cahill
75%
Spain Barcelona Al Sadd Xavi
75%
Sweden PSG AC Milan Zlatan Ibrahimovic
75%
England Newcastle United Blackburn Rovers Alan Shearer
63%
Italy Juventus Sydney FC Alessandro del Piero
63%
Italy AC Milan Lazio Alessandro Nesta
63%
Italy AC Milan Juventus Andrea Pirlo
63%
Spain Barcelona Vissel Kobe Andres Iniesta
63%
England Manchester United Preston North End Bobby Charlton
63%
Brazil Roma AC Milan Cafu
63%
Spain Barcelona Carles Puyol
63%
Brazil Santos Fluminense Carlos Alberto
63%
France Chelsea Nantes Claude Makelele
63%
Uruguay Atletico Madrid Villareal Diego Forlan
63%
Italy Parma Juventus Fabio Cannavaro
63%
Hungary Budapest Honved Real Madrid Ferenc Puskas
63%
Italy Roma Francesco Totti
63%
Italy AC Milan Franco Baresi
63%
England Chelsea West Ham United Frank Lampard
63%
Germany Bayern Munich Hamburg Franz Beckenbauer
63%
Liberia Monaco AC Milan George Weah
63%
Germany Bayern Munich Gerd Muller
63%
Italy Chelsea Parma Gianfranco Zola
63%
Bulgaria Barcelona Chicago Fire Hristo Stoichkov
63%
England Liverpool Jamie Carragher
63%
Argentina Inter Milan Javier Zanetti
63%
Nigeria Bolton Wanderers Eintracht Frankfurt Jay-Jay Okocha
63%
Scotland Liverpool Celtic Kenny Dalglish
63%
Russia Dynamo Moscow Lev Yashin
63%
Portugal Barcelona Real Madrid Luis Figo
63%
Mexico Necaxa Tigres Luis Hernandez
63%
France Chelsea AC Milan Marcel Desailly
63%
England Liverpool Newcastle United Michael Owen
63%
Serbia Manchester United Spartak Moscow Nemanja Vidic
63%
Italy AC Milan Paolo Maldini
63%
Netherlands Barcelona Ajax Patrick Kluivert
63%
France Arsenal Inter Milan Patrick Vieira
63%
England Manchester United Paul Scholes
63%
Germany Bayern Munich Stuttgart Philipp Lahm
63%
Spain Real Madrid Schalke 04 Raul
63%
Portugal Chelsea Monaco Ricardo Carvalho
63%
England Manchester United West Ham United Rio Ferdinand
63%
Ireland Tottenham Hotspur LA Galaxy Robbie Keane
63%
France Arsenal Metz Robert Pires
63%
Netherlands Arsenal Feyenoord Robin van Persie
63%
Brazil Real Madrid Inter Milan Ronaldo
63%
Ireland Manchester United Nottingham Forest Roy Keane
63%
Cameroon Barcelona Mallorca Samuel Eto'o
63%
Brazil Corinthians Botafogo Socrates
63%
England Liverpool LA Galaxy Steven Gerrard
63%
Belgium Manchester City Anderlecht Vincent Kompany
63%
England Manchester United Everton Wayne Rooney
63%
Ivory Coast Manchester City Barcelona Yaya Toure
63%
France Real Madrid Juventus Zinedine Zidane
63%
France Bordeaux Bayern Munich Bixente Lizarazu
50%
Denmark Rangers Bayern Munich Brian Laudrup
50%
Argentina Boca Juniors Manchester City Carlos Tevez
50%
France PSG Tottenham Hotspur David Ginola
50%
England Arsenal QPR David Seaman
50%
France Juventus Monaco David Trezeguet
50%
Croatia Sevilla Real Madrid Davor Suker
50%
Portugal Porto Barcelona Deco
50%
France Monaco Arsenal Emmanuel Petit
50%
Portugal Benfica Maxaquene Eusebio
50%
Spain Real Madrid Real Valladolid Fernando Hierro
50%
Spain Atletico Madrid Chelsea Fernando Torres
50%
Italy AC Milan Juventus Filippo Inzaghi
50%
France Bayern Munich Olympique Marseille Franck Ribery
50%
Netherlands Ajax AC Milan Frank Rijkaard
50%
England Leicester City Tottenham Hotspur Gary Lineker
50%
England Manchester United Gary Neville
50%
Romania Galatasaray Real Madrid Gheorghe Hagi
50%
Italy Juventus AC Milan Gianluca Zambrotta
50%
Italy Juventus Livorno Giorgio Chiellini
50%
Sweden Celtic Feyenoord Henrik Larsson
50%
Japan Shonan Bellmare Parma Hidetoshi Nakata
50%
Japan NTV Beleza INAC Kobe Leonessa Homare Sawa
50%
Netherlands Manchester United PSV Jaap Stam
50%
Germany Schalke 04 Arsenal Jens Lehmann
50%
Netherlands Ajax Barcelona Johan Cruyff
50%
England Arsenal Boston Breakers Kelly Smith
50%
France Parma Juventus Lilian Thuram
50%
Germany Bayern Munich Monchengladbach Lothar Matthaus
50%
Brazil Bayern Munich Inter Milan Lucio
50%
Brazil Real Madrid Fluminense Marcelo
50%
United States Washington Freedom* Mia Hamm
50%
Germany Chelsea Bayern Munich Michael Ballack
50%
Denmark Barcelona Juventus Michael Laudrup
50%
Norway Manchester United Molde FK Ole Gunnar Solskjær
50%
Germany Bayern Munich Karlsruher Oliver Kahn
50%
Spain Barcelona Brescia Pep Guardiola
50%
Brazil Chelsea Cruzeiro Ramires
50%
Italy Juventus Fiorentina Roberto Baggio
50%
Argentina Boca Juniors Barcelona Roman Riquelme
50%
Portugal Fiorentina AC Milan Rui Costa
50%
England Tottenham Hotspur Arsenal Sol Campbell
50%
England Liverpool Real Madrid Steve McManaman
50%
England Tottenham Hotspur Manchester United Teddy Sheringham
50%
United States Everton Colorado Rapids Tim Howard
50%
Russia Celta Vigo Spartak Moscow Aleksandr Mostovoi
38%
England Arsenal Boston Breakers Alex Scott
38%
Japan Okayama Yunogo Belle Los Angeles Sol Aya Miyama
38%
Germany Eintracht Frankfurt FSV Frankfurt Birgit Prinz
38%
Colombia Deportivo Cali Tampa Bay Mutiny Carlos Valderrama
38%
Spain Arsenal Chelsea Cesc Fabregas
38%
Netherlands AC Milan Real Madrid Clarence Seedorf
38%
Italy Inter Milan Fiorentina Cristian Vieri
38%
Italy Roma Boca Juniors Daniele De Rossi
38%
Argentina Racing Club Inter Milan Diego Milito
38%
Bulgaria Bayer 04 Leverkusen Manchester United Dimitar Berbatov
38%
Netherlands Liverpool Feyenoord Dirk Kuyt
38%
France Manchester United Auxerre Eric Cantona
38%
Spain Real Madrid Valencia Fernando Morientes
38%
Sweden Arsenal Seattle Sounders Freddie Ljungberg
38%
Brazil Botafogo Sacrofano Garrincha
38%
Italy AC Milan Rangers Gennaro Gattuso
38%
Italy Sampdoria Juventus Gianluca Vialli
38%
Brazil Arsenal Panathinaikos Gilverto Silva
38%
Spain Real Madrid Besiktas Guti
38%
England Arsenal Crystal Palace Ian Wright
38%
Brazil Botafogo Cruzeiro Jairzinho
38%
Finland Ajax FC Lahti Jari Litmanen
38%
Argentina Barcelona Liverpool Javier Mascherano
38%
England Everton Manchester City Jill Scott
38%
Spain Deportivo La Coruña Villareal Joan Capdevila
38%
United States San Diego Spirit* Sacramento Storm* Julie Foudy
38%
Germany Borussia Dortmund Juventus Jurgen Kohler
38%
United States LA Galaxy San Jose Earthquakes Landon Donovan
38%
France Montpellier Inter Milan Laurent Blanc
38%
England Tottenham Hotspur Ledley King
38%
Netherlands Ajax Arsenal Marc Overmars
38%
Germany Stuttgart Bayern Munich Mario Gomez
38%
Germany Ascoli AC Milan Oliver Bierhoff
38%
South Korea Manchester United PSV Park Ji Sung
38%
England Stoke City Liverpool Peter Crouch
38%
Portugal Besiktas Porto Ricardo Quaresma
38%
England Liverpool Manchester City Robbie Fowler
38%
Brazil PSV Vasco da Gama Romario
38%
Netherlands Barcelona PSV Ronald Koeman
38%
Saudi Arabia Al Shabab* Saeed al Owairan
38%
Saudi Arabia Al Hilal Wolves* Sami al Jaber
38%
Czechia Arsenal Borussia Dortmund Tomas Rosicky
38%
Germany Real Madrid Bayern Munich Toni Kroos
38%
Poland FC Utrecht Widzew Lodz Włodzimierz Smolarek
38%
Spain Real Madrid Liverpool Xabi Alonso
38%
Brazil Fluminense Kashima Antlers Zico
38%
United States LA Galaxy New England Revolution Alexi Lalas
25%
United States Orlando Pride San Diego Wave Alex Morgan
25%
Germany Kaiserslauten Inter Milan Andreas Brehme
25%
Italy Udinese Empoli Antonio di Natale
25%
France PSG Saint Etienne Blaise Matuidi
25%
France Lyon Montpellier Camille Abily
25%
Sweden Linkopings FC Rosengard Caroline Seger
25%
South Korea Bayer Leverkusen Eintracht Frankfurt Cha Bum Kun
25%
Peru Bayern Munich Werder Bremen Claudio Pizarro
25%
United States Fulham Seattle Sounders Clint Dempsey
25%
United States Houston Dynamo Chicago Fire DaMarcus Beasley
25%
Spain Real Madrid Celaya FC Emilio Butragueno
25%
Uruguay River Plate Cagliari Enzo Francescoli
25%
England Everton Reading Fara Williams
25%
Ivory Coast Lille Parma Gervinho
25%
Colombia Inter Milan San Lorenzo Ivan Cordoba
25%
Chile Real Madrid Inter Milan Ivan Zamorano
25%
France Olympique Marseille Bordeaux Jean-Pierre Papin
25%
Poland Liverpool Feyenoord Jerzy Dudek
25%
Norway Liverpool Roma John Arne Riise
25%
Mexico UNAM LA Galaxy Jorge Campos
25%
Germany Borussia Dortmund Lars Ricken
25%
France Lyon PSG Laura Georges
25%
Sweden Lyon Goteborg Lotta Schelin
25%
France Monaco Lyon Ludovic Giuly
25%
Brazil Inter Milan Monaco Maicon
25%
Slovakia Napoli Brescia Marek Hamsik
25%
France FCF Juvisy* Philadelphia Charge* Marinette Pichon
25%
Saudi Arabia Al Ittihad Al Nassr Mohammed Noor
25%
Germany Turbine Potsdam Eintracht Frankfurt Nadine Angerer
25%
Nigeria Arsenal Portsmouth Nwankwo Kanu
25%
Argentina Valencia Benfica Pablo Aimar
25%
Portugal PSG Bordeaux Pauleta
25%
Portugal Atletico Madrid Porto Paulo Futre
25%
Mexico Barcelona Atlas Guadalajara Rafael Marquez
25%
Netherlands Deportivo La Coruña Bayern Munich Roy Makaay
25%
Germany Roma Werder Bremen Rudi Voller
25%
Ivory Coast CSKA Moscow Young Boys Seydou Doumbia
25%
France Lyon Geneve Sidney Govou
25%
Brazil Sao Paulo* San Jose CyberRays* Sissi
25%
France Lyon Montpellier Sonia Bompastor
25%
Germany Bayern Munich Monchengladbach Stefan Effenberg
25%
Germany SG Praunheim* Eintracht Frankfurt* Steffi Jones
25%
Sweden Parma Sundsvall Tomas Brolin
25%
Portugal Porto Barcelona Vitor Baia
25%
Netherlands Ajax Galatasaray Wesley Sneijder
25%
Brazil Bayern Munich Bayer 04 Leverkusen Ze Roberto
25%
Germany Bad Neuenar Eintracht Frankfurt Celia Sasic
13%
Italy Juventus Empoli Claudio Marchisio
13%
Brazil Fiorentina Jubilo Iwata Dunga
13%
England West Ham Stoke City Geoff Hurst
13%
England Liverpool Watford John Barnes
13%
France Lyon CNFE Clairefontaine Louisa Necib
13%
England Manchester City Aston Villa Micah Richards
13%
Spain Real Madrid Celta Vigo Michel Salgado
13%
Germany Wolfsburg Saarbrucken Nadine Keßler
13%
Germany Bayern Munich FC Nurnberg Uli Hoeneß
13%
Colombia Cagliari Atletico Nacional Victor Ibarbo
13%
Germany Duisburg Eintracht Frankfurt Simone Laudehr
0%
No matching quizzes found
Score Distribution
Percent of People with Each Score
Percentile by Number Answered
Your Score History
You have not taken this quiz since the last reset